[Event "33. Torneo Internacional La Roda "]
[Site "La Roda ESP"]
[Date "2006.04.15"]
[Round "6.18"]
[White "Amoros Moran, Jose Joaquin"]
[Black "Aloma Vidal, Roberto"]
[Result "0-1"]
[WhiteElo "1951"]
[BlackElo "2352"]
[PlyCount "72"]
[EventDate "2006.04.12"]
[EventType "swiss"]
[EventRounds "9"]
[EventCountry "ESP"]
[Source "lmi"]
[SourceDate "2006.04.15"]

1. e4 c5 2. Nf3 e6 3. d4 cxd4 4. Nxd4 a6 5. Nc3 b5 6. g3 Bb7 7. Bg2 Nf6 8. a3
Qc7 9. O-O Nc6 10. Be3 Ne5 11. Bf4 Bc5 12. Kh1 Rc8 13. Nf3 d6 14. Nxe5 dxe5 15.
Bd2 O-O 16. Qe2 Bd4 17. h4 Nd7 18. h5 Nb6 19. Be3 Bxc3 20. bxc3 Na4 21. h6 Nxc3
22. Qh5 g6 23. Qh4 f5 24. f3 Rf7 25. Bh3 Qd8 26. Qxd8+ Rxd8 27. Bb6 Rd2 28. Ba5
Rxc2 29. Rac1 Rxc1 30. Rxc1 Ne2 31. Rc7 Nxg3+ 32. Kh2 Ne2 33. Rc2 Nd4 34. Rc3
Nc6 35. Bb6 Rd7 36. Rc2 Kf7 0-1

[Event "33. Torneo Internacional La Roda "]
[Site "La Roda ESP"]
[Date "2006.04.15"]
[Round "6.19"]
[White "Jimenez Martinez, Jose Vicente"]
[Black "Clement Gomez, Jose A"]
[Result "1/2-1/2"]
[WhiteElo "2178"]
[BlackElo "2339"]
[PlyCount "113"]
[EventDate "2006.04.12"]
[EventType "swiss"]
[EventRounds "9"]
[EventCountry "ESP"]
[Source "lmi"]
[SourceDate "2006.04.15"]

1. d4 Nf6 2. c4 e6 3. Nc3 Bb4 4. Qc2 d5 5. Bg5 h6 6. Bxf6 Qxf6 7. e3 O-O 8. Nf3
c6 9. a3 Bxc3+ 10. Qxc3 Nd7 11. Be2 dxc4 12. Bxc4 c5 13. O-O Nb6 14. Ba2 cxd4
15. Qxd4 Qxd4 16. Nxd4 Bd7 17. Rac1 Rfc8 18. Bb3 Kf8 19. f4 Ke7 20. Kf2 a6 21.
h3 Ba4 22. Ba2 Be8 23. Bb3 Nd7 24. Ne2 Nc5 25. Bc2 Ba4 26. Bb1 Bb5 27. Rfe1 Na4
28. b3 Nc5 29. Rc3 Bxe2 30. Kxe2 Nd7 31. Rec1 Kd8 32. Be4 Rxc3 33. Rxc3 Rc8 34.
Rxc8+ Kxc8 35. g4 f6 36. Kf2 g5 37. Ke2 Kc7 38. Kd2 Nc5 39. Bc2 Kd6 40. Ke2 a5
41. Kf3 b5 42. Ke2 Kd5 43. Kf3 b4 44. axb4 axb4 45. Bd1 gxf4 46. Kxf4 Nd3+ 47.
Kf3 Ke5 48. Be2 Nc5 49. Bd1 Ne4 50. Bc2 Nc3 51. Bd3 f5 52. gxf5 exf5 53. Bc2
Nd5 54. Bd3 Nc3 55. Bc2 Nd5 56. Bd1 Nf6 57. Bc2 1/2-1/2

[Event "33. Torneo Internacional La Roda "]
[Site "La Roda ESP"]
[Date "2006.04.15"]
[Round "6.20"]
[White "Bellon Lopez, Juan Manuel"]
[Black "Garcia Galeote, Lorenzo"]
[Result "1-0"]
[WhiteElo "2440"]
[BlackElo "2141"]
[PlyCount "61"]
[EventDate "2006.04.12"]
[EventType "swiss"]
[EventRounds "9"]
[EventCountry "ESP"]
[Source "lmi"]
[SourceDate "2006.04.15"]

1. d4 d5 2. c4 e6 3. Nf3 Nf6 4. Nc3 Be7 5. Bg5 Nbd7 6. e3 O-O 7. Qc2 Nh5 8.
Bxe7 Qxe7 9. cxd5 Nb6 10. dxe6 Bxe6 11. Bd3 g6 12. O-O c5 13. dxc5 Qxc5 14.
Rac1 Rac8 15. a3 Bc4 16. Rfd1 Qe7 17. h3 Rfd8 18. Bxc4 Rxd1+ 19. Rxd1 Rxc4 20.
Qb3 Rc6 21. Nd4 Rc5 22. Ndb5 Nc8 23. Qb4 b6 24. Ne4 a5 25. Qa4 Re5 26. Qc4 Kg7
27. Qxc8 Rxe4 28. Rd7 Qe6 29. Nd6 Rxe3 30. Rxf7+ Kh6 31. Qc1 1-0